LEADER 01171nam0 22002891i 450 001 SUN0028583 005 20131121014851.457 010 $a88-396-0420-0 100 $a20041123d1994 |0itac50 ba 101 $aita 102 $aIT 105 $a|||| ||||| 200 1 $aˆIl ‰sacramento del matrimonio nel nuovo diritto canonico delle chiese orientali$fDimitrios Salachas 210 $aRoma$cED$aBologna$cEDB$d[1994] 215 $a300 p.$d21 cm. 606 $aMatrimonio canonico$xChiese orientali$2FI$3SUNC012833 620 $dBologna$3SUNL000003 620 $dRoma$3SUNL000360 676 $a262.9815$v21 700 1$aSalachas$b, Dimitrios$3SUNV023712$0257781 712 $aEdizioni dehoniane$3SUNV005600$4650 801 $aIT$bSOL$c20181109$gRICA 912 $aSUN0028583 950 $aUFFICIO DI BIBLIOTECA DEL DIPARTIMENTO DI GIURISPRUDENZA$d00 CONS V.Eh.9 $e00 24658 995 $aUFFICIO DI BIBLIOTECA DEL DIPARTIMENTO DI GIURISPRUDENZA$h24658$kCONS V.Eh.9$op$qa 996 $aSacramento del matrimonio nel nuovo diritto canonico delle chiese orientali$9703937 997 $aUNICAMPANIA LEADER 04639nam 2200505 450 001 9910149427803321 005 20200520144314.0 010 $a1-4426-5386-8 024 7 $a10.3138/9781442653863 035 $a(CKB)3710000000929691 035 $a(MiAaPQ)EBC4730363 035 $a(DE-B1597)479431 035 $a(OCoLC)992454086 035 $a(DE-B1597)9781442653863 035 $a(Au-PeEL)EBL4730363 035 $a(CaPaEBR)ebr11292924 035 $a(OCoLC)962154679 035 $a(EXLCZ)993710000000929691 100 $a20161110h19671967 uy 0 101 0 $aeng 135 $aurcnu|||||||| 181 $2rdacontent 182 $2rdamedia 183 $2rdacarrier 200 00$aWater Resources of Canada /$fedited by Claude E. Dolman 210 1$a[Toronto, Ontario] :$cUniversity of Toronto Press,$d1967. 210 4$d©1967 215 $a1 online resource (276 pages) $cillustrations, photographs 225 1 $aStudia Varia Series ;$v11 311 $a1-4426-3121-X 327 $tFrontmatter -- $tContents -- $tIntroduction -- $tToward a North American Water Policy -- $tToward a North American Water Policy -- $tA Monstrous Concept, a Diabolic Thesis -- $tThe McNaughton-Moss Confrontation -- $tNawapa and Muskeg -- $tPART II. WATER, AN INDISPENSABLE RESOURCE -- $tL'eau, ressource indispensable -- $tWater, a Physical Resource -- $tWater Resources -- $tPART III. THE ST. LAWRENCE, THEN AND NOW -- $tThat Great Street: The St. Lawrence -- $tLe role du Quebec dans le trafic maritime au Canada -- $tPART IV. THE GREAT LAKES: UNIQUE FEATURES AND PECULIAR PROBLEMS -- $tThe Uniqueness of the Great Lakes -- $tUnique Research Opportunities Afforded by the Great Lakes -- $tEnvironmental Control in the Great Lakes-St. Lawrence Region of North America -- $tThermal Regime and Circulation in the Great Lakes -- $tMeteorological Problems on the Great Lakes -- $tPART V. PHYSICO-MATHEMATICAL STUDIES OF WATER -- $tMeteorology and Water Resources -- $tL'aspect mathematique de l'oceanographie -- $tEstimates of Groundwater Recharge on the Prairies -- $tThe Reverse Osmosis Membrane Separation Process and Its Application for Water Purification -- $tPART VI. THE BIOLOGICAL NECESSITIES AND HAZARDS OF WATER -- $tBiological Aspects of the Water Problem -- $tAquatic Communities and Their Adaptations to Their Environment -- $tPrésence de bactéries réductrices du soufre dans les rivières polluées par les eaux résiduaires des usines de préparation des pâtes à papier -- $tWater-Borne Viral Infections -- $tThe Waters of Wide Agony 330 $aThoughtful people everywhere, but particularly in North America, are disturbed by the increasing number and seriousness of the problems associated with water resources. The Royal Society of Canada, impressed by the gravity of this situation, and by the multi-disciplinary nature of the specialized knowledge needed to cope with it, chose Water Resources as the main theme for its 1966 annual meeting. The topic has been broadly interpreted here: most of the papers were presented by the Science Section of the Society but contributions from all its Sections are included, covering political, historical and sociological aspects of the problem in addition to the physical, biological and even mathematical aspects. The contents comprise twenty-three essays, grouped into six parts under self-explanatory headings-"Pros and Cons of Canadian Water Export"; "Water, an Indispensable Resource"; "The St. Lawrence, Then and Now"; "The Great Lakes: Unique Features and Peculiar Problems"; "Physico-Mathematical Studies of Water"; and "The Biological Necessities and Hazards of Water." The contributors to this volume include Senator Frank E. Moss, the late General A.G.L. McNaughton, Pierre Camu, Hilda Neatby, Benoit Brouillette, A.D. Misener, and F.R. Hayes. This work is authoritative without being highly technical. It can be read profitably by all scientists and health workers professionally involved in the conservation of water resources everywhere. In addition, the non-scientific citizen can find much in this book that is enlightening and impressive about this inescapable and vital problem. (Royal Society of Canada Studia Varia Series No. 11) 410 0$aStudia varia series ;$v11. 606 $aWater resources development$zCanada 608 $aElectronic books. 615 0$aWater resources development 676 $a333.9100971 702 $aDolman$b Claude E. 801 0$bMiAaPQ 801 1$bMiAaPQ 801 2$bMiAaPQ 906 $aBOOK 912 $a9910149427803321 996 $aWater resources of Canada$9842793 997 $aUNINA LEADER 01673nam 2200529 450 001 9910465271603321 005 20200520144314.0 010 $a1-4982-0147-4 035 $a(CKB)3710000000719233 035 $a(SSID)ssj0001674616 035 $a(PQKBManifestationID)16473435 035 $a(PQKBTitleCode)TC0001674616 035 $a(PQKBWorkID)14224193 035 $a(PQKB)10575987 035 $a(MiAaPQ)EBC4534383 035 $a(Au-PeEL)EBL4534383 035 $a(CaPaEBR)ebr11215433 035 $a(OCoLC)951223309 035 $a(EXLCZ)993710000000719233 100 $a20160617h20152015 uy 0 101 0 $aeng 135 $aurcnu|||||||| 181 $ctxt 182 $cc 183 $acr 200 10$aWomen and worship at Corinth $ePaul's rhetorical arguments in 1 Corinthians /$fLucy Peppiatt ; foreword by Douglas Campbell 210 1$aEugene, Oregon :$cCascade Books,$d2015. 210 4$d©2015 215 $a1 online resource (160 pages) 300 $aBibliographic Level Mode of Issuance: Monograph 311 $a1-4982-0146-6 320 $aIncludes bibliographical references and index. 606 $aWomen$xReligious aspects$xChristianity 606 $aEquality$xBiblical teaching 608 $aElectronic books. 615 0$aWomen$xReligious aspects$xChristianity. 615 0$aEquality$xBiblical teaching. 676 $a227.206 700 $aPeppiatt$b Lucy$0870774 702 $aCampbell$b Douglas A$g(Douglas Atchison),$f1961- 801 0$bMiAaPQ 801 1$bMiAaPQ 801 2$bMiAaPQ 906 $aBOOK 912 $a9910465271603321 996 $aWomen and worship at Corinth$91944059 997 $aUNINA